| 000 | 00689cam a2200193 4500500 | ||
|---|---|---|---|
| 005 | 20260111080509.0 | ||
| 041 | _afre | ||
| 042 | _adc | ||
| 100 | 1 | 0 |
_aHernu, Paul _eauthor |
| 245 | 0 | 0 | _aLa loi organique du 28 décembre 2021 sur la gestion pluriannuelle des finances publiques |
| 260 | _c2023. | ||
| 500 | _a94 | ||
| 690 | _aConstitution | ||
| 690 | _aHaut Conseil des finances publiques | ||
| 690 | _apluriannualité des finances publiques | ||
| 690 | _aTSCG | ||
| 786 | 0 | _nGestion & Finances Publiques | 2 | 2 | 2023-04-28 | p. 39-44 | 1969-1009 | |
| 856 | 4 | 1 | _uhttps://droit.cairn.info/revue-gestion-et-finances-publiques-2023-2-page-39?lang=fr&redirect-ssocas=7080 |
| 999 |
_c1616384 _d1616384 |
||